000 00366nam a2200169Ia 4500
001 003806
003 YMCAF
005 20230512160234.0
008 100717s9999 ||||||||||||||||| ||und|d
024 _a3806
035 _a3811
040 _aYMCAF
_beng
_cIN-KoLT
041 _aeng
100 _aCURRICULUM DEV
245 0 _aDesk Manual on precisoon
942 _2ddc
_cBK
999 _c3012
_d3012